000 00797nam a2200145Ia 4500
008 090124s9999 xx 000 0 und d
082 _b32799
245 _a" अपूर्व अलौकिक एकमेव ( नामवंत,वलयांकित व्यक्तिवरील लेखसंग्रह )"
250 _a1
260 _bभोसले यशोधरा
_c2004
300 _a198
630 _a" अपूर्व अलौकिक एकमेव ( नामवंत,वलयांकित व्यक्तिवरील लेखसंग्रह )"
730 _a" अपूर्व अलौकिक एकमेव ( नामवंत,वलयांकित व्यक्तिवरील लेखसंग्रह )"
942 _cBOOK
999 _c180031
_d180031